书目信息 |
| 题名: |
养兰入门
|
|
| 作者: | 刘振龙 编著 | |
| 分册: | ||
| 出版信息: | 福州 福建科学技术出版社 2014 |
|
| 页数: | 105页 | |
| 开本: | 21cm | |
| 丛书名: | ||
| 单 册: | ||
| 中图分类: | S682.31 | |
| 科图分类: | ||
| 主题词: | 兰科--观赏园艺--基本知识 , 兰科 , 观赏园艺 | |
| 电子资源: | ||
| ISBN: | 978-7-5335-4415-7 | |
| 000 | 00859nam0 2200253 450 | |
| 001 | 007049670 | |
| 005 | 20140324171643.0 | |
| 010 | @a978-7-5335-4415-7@dCNY19.00 | |
| 100 | @a20140429d2014 em y0chiy50 ea | |
| 101 | 0 | @achi |
| 102 | @aCN@b350000 | |
| 105 | @aa z 000yy | |
| 106 | @ar | |
| 200 | 1 | @a养兰入门@Ayang lan ru men@f刘振龙编著 |
| 210 | @a福州@c福建科学技术出版社@d2014 | |
| 215 | @a105页@c图@d21cm | |
| 330 | @a本书注重养兰经验性、技巧性方面的内容,对于养兰的基础知识进行了简明扼要的讲解。书中收入的名品不少为品味极高的珍品、稀品、极品,反映了现代兰花欣赏的趋势。 | |
| 606 | 0 | @a兰科@x观赏园艺@x基本知识 |
| 606 | 0 | @a兰科 |
| 606 | 0 | @a观赏园艺 |
| 690 | @aS682.31@v5 | |
| 701 | 0 | @a刘振龙@Aliu zhen long@c(园艺)@4编著 |
| 801 | 0 | @aCN@b碧洲教育@c20150812 |
| 905 | @a10447@b208479635@b208479653@b208479644@b208479662@f4@dS682.31@e298 | |
| 养兰入门/刘振龙编著.-福州:福建科学技术出版社,2014 |
| 105页:图;21cm |
| ISBN 978-7-5335-4415-7:CNY19.00 |
| 本书注重养兰经验性、技巧性方面的内容,对于养兰的基础知识进行了简明扼要的讲解。书中收入的名品不少为品味极高的珍品、稀品、极品,反映了现代兰花欣赏的趋势。 |
| ● |
| 相关链接 |
|
|
|
|
正题名:养兰入门
索取号:S682.31/298
 
预约/预借
| 序号 | 登录号 | 条形码 | 馆藏地/架位号 | 状态 | 备注 |
| 1 | 0847963 | 208479635 | 第三借阅区/ [索取号:S682.31/298] | 在馆 | |
| 2 | 0847964 | 208479644 | 第三借阅区/ [索取号:S682.31/298] | 在馆 | |
| 3 | 0847965 | 208479653 | 密集书库-生命科学系/ [索取号:S682.31/298] | 在馆 | |
| 4 | 0847966 | 208479662 | 第三借阅区/ [索取号:S682.31/298] | 在馆 | |
| 5 | 845512 | 208455125 | 第二样本阅览室/ [索取号:S682.31/298] | 在馆 | |
| 6 | 845513 | 208455134 | 密集书库-生命科学系/ [索取号:S682.31/298] | 在馆 | |
| 7 | 845514 | 208455143 | 第三借阅区/ [索取号:S682.31/298] | 在馆 |